000 00589nam a2200193Ia 4500
005 20250508153813.0
008 008 250505s9999 xx 000 0 eng d
037 _aTextual
040 _aFEDL
_beng
_cFEDL
041 _aeng
_2eng
084 _a371.422, LLO
_qFEDL
100 _aLloyd-Jones Esther Ed.
_9764454
245 0 _aStudent personnel work as deeper teaching
260 _aNew York, USA
_bHarper and Brothers Publisher
_c1954
300 _axii,361p.
700 _a Smith Margaret Ruth Ed.
_9764455
942 _cTEXL
_h371.422, LLO
999 _c1345586
_d1345586